Top 50 UK Baby Boy Names in 1700 - Statistics

General Stats
  • This quiz has been taken 470 times
  • The average score is 33 of 50
Answer Stats
# Name % Correct
1 John
99%
5 James
94%
2 William
94%
9 Henry
92%
10 George
91%
13 Charles
89%
3 Thomas
89%
8 Edward
88%
6 Robert
87%
18 Peter
85%
4 Richard
85%
32 David
84%
26 Michael
84%
17 Matthew
83%
14 Daniel
80%
50 Harry
80%
7 Joseph
80%
44 Mark
79%
31 Andrew
78%
23 Stephen
74%
15 Benjamin
73%
49 Luke
73%
21 Christopher
71%
46 Adam
70%
11 Samuel
70%
36 Jacob
66%
35 Alexander
65%
20 Isaac
64%
12 Francis
62%
45 Timothy
61%
29 Anthony
60%
19 Nicholas
60%
25 Philip
60%
28 Joshua
58%
40 Walter
57%
47 Martin
54%
16 Edmund
50%
24 Jonathan
50%
33 Simon
50%
39 Nathaniel
48%
22 Abraham
45%
41 Aaron
42%
34 Roger
39%
43 Owen
34%
27 Hugh
31%
42 Jeremy
31%
30 Ralph
30%
38 Moses
26%
48 Josiah
21%
37 Laurence
19%
No matching quizzes found
Score Distribution
Percent of People with Each Score
Percentile by Number Answered
Your Score History
You have not taken this quiz